000 00678nam a2200241Ia 4500
003 OSt
005 20220927105432.0
006 a|||||r|||| 00| 0
007 ta
008 220926b |||||||| |||| 00| 0 eng d
024 _a172595
037 _cReference Collections
040 _aRTL
_cRTL
_beng
041 _2eng
_aeng
082 _a"X;d,1(X),P04r, P4/GD"
110 _aINSTITUTE OF DEVELOPING ECONOMICS.
_9372520
245 0 _aAnnual report.
260 _aJapan
_bIDE
_c2004
300 _a55p.
_ccm.
700 _aINSTITUTE OF DEVELOPING ECONOMICS.
_9372521
942 _h"X;d,1(X),P04r, P4/GD"
_cCC
999 _c692548
_d692548